Lieux de Dragon Ball - Statistiques

Statistiques générales
  • Ce quiz a été pris 44 fois
  • Le résultat moyen est 7 sur 24
Statistiques - réponses
Par images Réponse % Correct
Kame House
94%
Namek
66%
Planète Vegeta
54%
Salle de l'Esprit et du Temps
54%
Tour Karin
51%
Chemin du Serpent
40%
Enfer
37%
Mont Paozu
34%
Planète de Beerus
34%
Capitale de l'Ouest
31%
Palais de Dieu
31%
Paradis
26%
Lycée Orange Star
23%
Planète de Maître Kaio
23%
Laboratoire du Docteur Gero
20%
Palais de Zen'ô
20%
Planète Kaishin
20%
Mont Fry-Pan
17%
Muscle Tower
17%
Palais de Baba la Voyante
17%
Ginger Town
9%
Prison Galactique
9%
Yunzabit
6%
Ile Papaya
3%
Aucun quiz correspondant
Distribution des résultats
% des personnes avec chaque résultat
Percentile par nombre de réponses
Votre historique - résultats
Vous n’avez pas pris ce quiz